History of Europe - Statistics

General Stats
  • This quiz has been taken 93 times
    71 since last reset
  • The average score is 12 of 15
Answer Stats
Question Answer % Correct
Fall of Constantinople 1453 AD
100%
Fall of Rome 476 AD
100%
Unified Germany Otto Von Bismarck
100%
Founder of Constantinople Constantine I
95%
Axis Powers Germany - Italy - Japan
95%
Battle of Waterloo 1815 AD
90%
Treaty of Versailles 1919
90%
Coronation of Charlemagne 800 AD
90%
Not one of Colombus' Ships Mayflower
81%
General Secretary of the Communist Party of the Soviet Union during the period 1953 - 1964 Nikita Khrushchev
76%
Beginning of Renaissance in Italy 14th Century
71%
Serbia and Montenegro Separation 2006
62%
Foundation of European Union 1993
38%
Prevented the Muslim invasion of Europe (1356) Charles Martel
38%
Battle of Verdun 1916
24%
No matching quizzes found
Score Distribution
Percent of People with Each Score
Percentile by Number Answered
Your Score History
You have not taken this quiz since the last reset